000 00368 a2200145 4500
999 _c12795
_d12795
003 OSt
005 20240705180418.0
008 240705b ||||| |||| 00| 0 eng d
020 _a ‎9783037783504
100 _a Deane Simpson
245 _aYoung-Old: Urban Utopias of an Aging Society
260 _bLars Müller Publishers
_c2015
300 _a575p;
942 _2ddc